[Event "Moscow Winter on Kolomenskoe"]
[Site "Moscow"]
[Date "2007.02.19"]
[Round "12"]
[White "Zabarianskiy, Yuri"]
[Black "Kartachov, Vladislav"]
[Result "1/2-1/2"]
[WhiteElo "2047"]
[BlackElo "2190"]
[PlyCount "44"]
[EventDate "2007.02.08"]
[EventType "tourn"]
[EventRounds "13"]
[EventCountry "RUS"]
[SourceTitle "EXT 2019"]
[Source "ChessBase"]
[SourceDate "2018.10.10"]
[SourceVersion "1"]
[SourceVersionDate "2018.10.10"]
[SourceQuality "1"]

1. e4 e5 2. Nf3 Nc6 3. Bb5 a6 4. Ba4 Nf6 5. d4 exd4 6. 0-0 Be7 7. Re1 b5 8. Bb3 d6 9. Bd5 Nxd5 10. exd5 Ne5 11. Nxd4 0-0 12. Nc3 Bf6 13. Ne4 Bb7 14. Nf5 Nc4 15. a4 Kh8 16. axb5 axb5 17. Rxa8 Bxa8 18. Qd3 Nb6 19. Nxf6 Qxf6 20. Ne3 b4 21. c4 bxc3 22. bxc3 Bb7 1/2-1/2

[Event "Moscow Winter on Kolomenskoe"]
[Site "Moscow"]
[Date "2007.02.12"]
[Round "5"]
[White "Zabarianskiy, Yuri"]
[Black "Druzhinsky, Alexey"]
[Result "1/2-1/2"]
[WhiteElo "2047"]
[BlackElo "2022"]
[PlyCount "35"]
[EventDate "2007.02.08"]
[EventType "tourn"]
[EventRounds "13"]
[EventCountry "RUS"]
[SourceTitle "EXT 2019"]
[Source "ChessBase"]
[SourceDate "2018.10.10"]
[SourceVersion "1"]
[SourceVersionDate "2018.10.10"]
[SourceQuality "1"]

1. d4 Nf6 2. c4 g6 3. Nc3 Bg7 4. e4 d6 5. Nf3 0-0 6. h3 e5 7. dxe5 dxe5 8. Qxd8 Rxd8 9. Bg5 c6 10. Nxe5 h6 11. Bh4 Re8 12. 0-0-0 Na6 13. Bxf6 Bxf6 14. Ng4 Bxg4 15. hxg4 Nb4 16. a3 Bxc3 17. axb4 Bxb4 18. f3 1/2-1/2